[Event "Avoine op 25th"]
[Site "Avoine"]
[Date "2010.07.17"]
[Round "1"]
[White "Hubert, Raphael"]
[Black "Pucher, Sebastien"]
[Result "0-1"]
[WhiteElo "1993"]
[BlackElo "2251"]
[PlyCount "50"]
[EventDate "2010.07.??"]
[EventType "swiss"]
[EventRounds "9"]
[EventCountry "FRA"]
[Source "Mark Crowther"]
[SourceDate "2010.08.02"]
[WhiteTeamCountry "FRA"]
[BlackTeamCountry "FRA"]

1. e4 c5 2. Nf3 d6 3. c3 Nf6 4. Bd3 Bg4 5. Bc2 Nc6 6. d4 cxd4 7. cxd4 d5 8. e5
Nd7 9. h3 Bxf3 10. gxf3 e6 11. f4 Qb6 12. Nc3 Qxd4 13. Qe2 Qb6 14. Na4 Qa5+ 15.
Kf1 Nd4 16. Qd3 Nxc2 17. Qxc2 b6 18. f5 Qa6+ 19. Kg2 Rc8 20. Qd1 Qc4 21. fxe6
fxe6 22. Re1 Bb4 23. Re3 O-O 24. b3 Qc2 25. Qe2 Qf5 0-1

[Event "Avoine op 25th"]
[Site "Avoine"]
[Date "2010.07.17"]
[Round "1"]
[White "Konopka, Jeremiasz1"]
[Black "Giua, Frederic"]
[Result "1/2-1/2"]
[WhiteElo "1989"]
[BlackElo "2241"]
[PlyCount "104"]
[EventDate "2010.07.??"]
[EventType "swiss"]
[EventRounds "9"]
[EventCountry "FRA"]
[Source "Mark Crowther"]
[SourceDate "2010.08.02"]
[WhiteTeamCountry "FRA"]
[BlackTeamCountry "FRA"]

1. d4 d5 2. c4 e6 3. Nf3 c6 4. e3 f5 5. Nc3 Nf6 6. a3 Bd6 7. c5 Bc7 8. b4 a6 9.
Ne5 O-O 10. Be2 Nbd7 11. f4 Nxe5 12. dxe5 Ne4 13. Nxe4 fxe4 14. Bb2 Bd7 15. h4
a5 16. g3 b6 17. Bd4 Qb8 18. O-O Qb7 19. Qd2 b5 20. a4 axb4 21. axb5 cxb5 22.
Qxb4 Rxa1 23. Rxa1 Ra8 24. Rxa8+ Qxa8 25. c6 Bxc6 26. Qe7 Qc8 27. Bg4 Bd7 28.
Bc5 Kh8 29. Qf7 Qe8 30. Qxe8+ Bxe8 31. Bxe6 Bc6 32. Bf7 g6 33. Bf8 Bb6 34. Kf2
d4 35. Bb4 dxe3+ 36. Ke2 Kg7 37. Be6 Bd4 38. g4 h6 39. f5 Bxe5 40. Kxe3 h5 41.
fxg6 hxg4 42. Bxg4 Kxg6 43. Bh3 Bb2 44. h5+ Kf6 45. h6 Ke5 46. Kd2 Bd4 47. Bf8
Kf4 48. Be6 e3+ 49. Kd3 Be5 50. Bg7 Be4+ 51. Ke2 Bf3+ 52. Kd3 Be4+ 1/2-1/2

[Event "Avoine op 25th"]
[Site "Avoine"]
[Date "2010.07.17"]
[Round "1"]
[White "Godart, Francois"]
[Black "Lombart, Philippe"]
[Result "1-0"]
[WhiteElo "2240"]
[BlackElo "1988"]
[PlyCount "91"]
[EventDate "2010.07.??"]
[EventType "swiss"]
[EventRounds "9"]
[EventCountry "FRA"]
[Source "Mark Crowther"]
[SourceDate "2010.08.02"]
[WhiteTeamCountry "FRA"]
[BlackTeamCountry "FRA"]

1. d4 d5 2. c4 e6 3. Nc3 Bb4 4. Qa4+ Nc6 5. e3 Nge7 6. Nf3 O-O 7. Bd2 Bd7 8.
Qc2 Ng6 9. a3 Bxc3 10. Bxc3 a5 11. Rd1 Nce7 12. h4 Nf5 13. cxd5 exd5 14. Bd3
Qf6 15. Ne5 Nxe5 16. dxe5 Qe6 17. Bxf5 Qxf5 18. Qxf5 Bxf5 19. Rxd5 b6 20. Ke2
Rfd8 21. Rd4 Kf8 22. Rg1 h5 23. Kf3 g6 24. Kf4 Ke7 25. Rgd1 Rxd4+ 26. exd4 Rd8
27. f3 c6 28. g4 hxg4 29. fxg4 Be6 30. h5 gxh5 31. gxh5 Rh8 32. Rh1 Rh7 33. b4
a4 34. b5 cxb5 35. Bb4+ Kd7 36. h6 Bd5 37. Rh4 Ke6 38. Kg5 Bc4 39. Rf4 Kd7 40.
Rf6 Rh8 41. d5 Ke8 42. Rxb6 Rg8+ 43. Kf4 Kd7 44. Bd6 Bxd5 45. Rb8 f6 46. h7 1-0

[Event "Avoine op 25th"]
[Site "Avoine"]
[Date "2010.07.17"]
[Round "1"]
[White "Frick, Christoph"]
[Black "Gousseinov, Aguif"]
[Result "1-0"]
[WhiteElo "2224"]
[BlackElo "1979"]
[PlyCount "65"]
[EventDate "2010.07.??"]
[EventType "swiss"]
[EventRounds "9"]
[EventCountry "FRA"]
[Source "Mark Crowther"]
[SourceDate "2010.08.02"]
[WhiteTeamCountry "FRA"]
[BlackTeamCountry "FRA"]

1. Nc3 d5 2. e4 dxe4 3. Nxe4 Nf6 4. Ng3 e5 5. Bc4 Bc5 6. d3 O-O 7. Nf3 Nc6 8.
O-O Bg4 9. c3 Na5 10. Bb5 a6 11. Ba4 b5 12. Bc2 Nc6 13. h3 Bxf3 14. Qxf3 Qd5
15. Ne4 Nxe4 16. dxe4 Qe6 17. b4 Bb6 18. Bb3 Qg6 19. a4 Ne7 20. Be3 Rad8 21.
Rfd1 Bxe3 22. Qxe3 Qb6 23. Qf3 Rd6 24. Rxd6 cxd6 25. axb5 Qxb5 26. Ra5 Qc6 27.
Qd3 Ra8 28. Bd5 Nxd5 29. Rxd5 Rd8 30. Rxe5 Kf8 31. Rd5 Rc8 32. Rxd6 Qxc3 33.
Rd8+ 1-0

[Event "Avoine op 25th"]
[Site "Avoine"]
[Date "2010.07.17"]
[Round "1"]
[White "Merrheim, Xavier"]
[Black "Fomichenko, Svetlana"]
[Result "0-1"]
[WhiteElo "1977"]
[BlackElo "2217"]
[PlyCount "102"]
[EventDate "2010.07.??"]
[EventType "swiss"]
[EventRounds "9"]
[EventCountry "FRA"]
[Source "Mark Crowther"]
[SourceDate "2010.08.02"]
[WhiteTeamCountry "FRA"]
[BlackTeamCountry "FRA"]

1. e4 c5 2. c3 d5 3. exd5 Qxd5 4. d4 Nf6 5. Nf3 e6 6. Be2 Be7 7. O-O O-O 8. Be3
cxd4 9. cxd4 Nc6 10. Nc3 Qd6 11. Qd2 Nb4 12. Rac1 Nbd5 13. Rfd1 a6 14. Ne5 Qd8
15. Bf3 Bb4 16. a3 Nxc3 17. bxc3 Bxa3 18. Rb1 Bd6 19. Bxb7 Bxb7 20. Rxb7 Qc8
21. Rbb1 Qc7 22. Nf3 a5 23. Rdc1 Qc4 24. Qc2 a4 25. Nd2 Qc7 26. h3 Ba3 27. Re1
Nd5 28. Ra1 Nxc3 29. Nb1 Bb4 30. Rc1 Rfc8 31. Nxc3 Qxc3 32. Rxa4 Qxc2 33. Rxc2
Bd6 34. Rxc8+ Rxc8 35. g4 f5 36. gxf5 exf5 37. Ra6 Rd8 38. f4 Be7 39. Kf2 Bf6
40. Ra4 Kf7 41. Ke2 h6 42. Kd3 g5 43. Kc4 gxf4 44. Bxf4 Rc8+ 45. Kd3 Rb8 46.
Kc2 Rb6 47. Ra3 Kg6 48. Rb3 Ra6 49. Kb2 Re6 50. Rc3 Re2+ 51. Rc2 Rf2 0-1

[Event "Avoine op 25th"]
[Site "Avoine"]
[Date "2010.07.17"]
[Round "1"]
[White "Crouan, Stephane"]
[Black "Dubost, Christophe"]
[Result "1-0"]
[WhiteElo "2216"]
[BlackElo "1974"]
[PlyCount "73"]
[EventDate "2010.07.??"]
[EventType "swiss"]
[EventRounds "9"]
[EventCountry "FRA"]
[Source "Mark Crowther"]
[SourceDate "2010.08.02"]
[WhiteTeamCountry "FRA"]
[BlackTeamCountry "FRA"]

1. e4 c6 2. d4 d5 3. e5 c5 4. dxc5 Nc6 5. Nf3 e6 6. Be3 Bxc5 7. Bxc5 Qa5+ 8. b4
Nxb4 9. Bxb4 Qxb4+ 10. Nbd2 a6 11. c4 dxc4 12. Bxc4 b5 13. Qb3 Qa5 14. Bd3 Bb7
15. O-O Ne7 16. a4 Bxf3 17. Nxf3 b4 18. Be4 Rb8 19. Qd3 h6 20. Qd6 Rd8 21. Bc6+
Kf8 22. Bd7 Qd5 23. Rad1 Qxd6 24. Rxd6 g6 25. Nd4 Nf5 26. Nxf5 gxf5 27. a5 Rg8
28. h3 f4 29. Ba4 Kg7 30. Rb1 Rc8 31. Rxa6 Rc5 32. Rxb4 Rxe5 33. Rxf4 h5 34.
Ra7 Rf8 35. a6 Kg6 36. Bc2+ Kg7 37. Rc7 1-0

[Event "Avoine op 25th"]
[Site "Avoine"]
[Date "2010.07.17"]
[Round "1"]
[White "Duhayon, Yves"]
[Black "Gendre, Pascal"]
[Result "1-0"]
[WhiteElo "2211"]
[BlackElo "1961"]
[PlyCount "41"]
[EventDate "2010.07.??"]
[EventType "swiss"]
[EventRounds "9"]
[EventCountry "FRA"]
[Source "Mark Crowther"]
[SourceDate "2010.08.02"]
[WhiteTeamCountry "FRA"]
[BlackTeamCountry "FRA"]

1. d4 d5 2. Nf3 Nf6 3. c4 e6 4. Bg5 Be7 5. e3 Nbd7 6. Nc3 O-O 7. Rc1 c6 8. Bd3
dxc4 9. Bxc4 Nd5 10. Bxe7 Qxe7 11. O-O Nxc3 12. Rxc3 c5 13. Bd3 cxd4 14. exd4
Nf6 15. Ne5 Nd5 16. Bxh7+ Kh8 17. f4 g5 18. Qh5 gxf4 19. Be4+ Kg7 20. Rg3+ fxg3
21. Qh7# 1-0

[Event "Avoine op 25th"]
[Site "Avoine"]
[Date "2010.07.17"]
[Round "1"]
[White "Le Goff, Ronan"]
[Black "Maleki, Nicolas"]
[Result "1-0"]
[WhiteElo "1961"]
[BlackElo "2186"]
[PlyCount "67"]
[EventDate "2010.07.??"]
[EventType "swiss"]
[EventRounds "9"]
[EventCountry "FRA"]
[Source "Mark Crowther"]
[SourceDate "2010.08.02"]
[WhiteTeamCountry "FRA"]
[BlackTeamCountry "FRA"]

1. d4 d5 2. Nf3 Nf6 3. e3 Bf5 4. c4 c6 5. Nc3 e6 6. Be2 Nbd7 7. O-O Bd6 8. b3
h6 9. Bb2 O-O 10. cxd5 exd5 11. Bd3 Ne4 12. Ne2 Re8 13. Ng3 Bg4 14. Be2 Qa5 15.
Nxe4 dxe4 16. Nh4 Bxe2 17. Qxe2 Qg5 18. g3 Nf6 19. Rfd1 Ng4 20. Ng2 Qh5 21. Nh4
g5 22. h3 gxh4 23. hxg4 Qg5 24. Kg2 hxg3 25. fxg3 Re6 26. Rh1 Rg6 27. Rh4 Re8
28. Rf1 Ree6 29. Rf5 Qe7 30. g5 Rxg5 31. Rxg5+ hxg5 32. Rh3 Rg6 33. Qg4 Qe6 34.
d5 1-0

[Event "Avoine op 25th"]
[Site "Avoine"]
[Date "2010.07.17"]
[Round "1"]
[White "Bonnaud, Remy"]
[Black "Schneider, Daniel"]
[Result "1-0"]
[WhiteElo "2183"]
[BlackElo "1961"]
[PlyCount "105"]
[EventDate "2010.07.??"]
[EventType "swiss"]
[EventRounds "9"]
[EventCountry "FRA"]
[Source "Mark Crowther"]
[SourceDate "2010.08.02"]
[WhiteTeamCountry "FRA"]
[BlackTeamCountry "FRA"]

1. e4 c6 2. d4 d5 3. Nd2 dxe4 4. Nxe4 Nd7 5. Bd3 Ngf6 6. Ng5 e6 7. N1f3 Bd6 8.
O-O O-O 9. Qe2 Qe7 10. Bd2 c5 11. c3 b6 12. Nxh7 Nxh7 13. Bxh7+ Kxh7 14. Ng5+
Kg8 15. Qe4 Nf6 16. Qxa8 Ba6 17. Qf3 Bxf1 18. Rxf1 cxd4 19. cxd4 Rc8 20. g3 g6
21. Qb3 Qb7 22. Re1 Qd5 23. Qd3 Kg7 24. a3 b5 25. Nf3 Qf5 26. Qxf5 gxf5 27. Rc1
Rxc1+ 28. Bxc1 Nd5 29. Kf1 f6 30. Ke2 Kg6 31. h3 f4 32. gxf4 Bxf4 33. Be3 Bd6
34. Kd3 f5 35. Bd2 Nf4+ 36. Bxf4 Bxf4 37. b4 Kf6 38. a4 a6 39. Kc3 Bd6 40. axb5
axb5 41. Kd3 Bxb4 42. Ke3 Bd6 43. Ne5 Bc7 44. Nd3 Ke7 45. h4 Kd6 46. h5 Bd8 47.
f4 Bf6 48. h6 Kd5 49. Ne5 Kd6 50. Kd3 Kd5 51. h7 Bg7 52. Ng6 Bxd4 53. Ne5 1-0

[Event "Avoine op 25th"]
[Site "Avoine"]
[Date "2010.07.17"]
[Round "1"]
[White "Le Franc, Yves"]
[Black "Cau, Benjamin"]
[Result "1/2-1/2"]
[WhiteElo "1960"]
[BlackElo "2172"]
[PlyCount "51"]
[EventDate "2010.07.??"]
[EventType "swiss"]
[EventRounds "9"]
[EventCountry "FRA"]
[Source "Mark Crowther"]
[SourceDate "2010.08.02"]
[WhiteTeamCountry "FRA"]
[BlackTeamCountry "FRA"]

1. e4 c6 2. d4 d5 3. Nc3 dxe4 4. Nxe4 Nf6 5. Nxf6+ gxf6 6. Be3 Bf5 7. c3 Nd7 8.
Nf3 Qc7 9. Nh4 Bg6 10. Qb3 e6 11. Nxg6 hxg6 12. g3 Nb6 13. O-O-O O-O-O 14. Bg2
Rh5 15. c4 Bh6 16. Bxh6 Rxh6 17. Kb1 Kb8 18. h3 Rhh8 19. Rd3 e5 20. Rhd1 Rhe8
21. dxe5 Rxd3 22. Qxd3 Qxe5 23. Bf3 Na4 24. Qd6+ Qxd6 25. Rxd6 Re1+ 26. Rd1
1/2-1/2

[Event "Avoine op 25th"]
[Site "Avoine"]
[Date "2010.07.17"]
[Round "1"]
[White "Ribeiro, Romain"]
[Black "Le Ray, Jean Yves"]
[Result "1-0"]
[WhiteElo "2159"]
[BlackElo "1960"]
[PlyCount "55"]
[EventDate "2010.07.??"]
[EventType "swiss"]
[EventRounds "9"]
[EventCountry "FRA"]
[Source "Mark Crowther"]
[SourceDate "2010.08.02"]
[WhiteTeamCountry "FRA"]
[BlackTeamCountry "FRA"]

1. e4 e5 2. Nf3 Nc6 3. Bc4 d6 4. Nc3 g6 5. h4 Bg4 6. d3 Bg7 7. Be3 Nf6 8. Qd2
Bxf3 9. gxf3 Nd4 10. Bxd4 exd4 11. Ne2 Nh5 12. Ng3 Qf6 13. Nxh5 gxh5 14. Qg5
Qxg5 15. hxg5 Be5 16. Rxh5 Ke7 17. Ke2 Rag8 18. Rah1 Rg7 19. R1h4 f6 20. g6 f5
21. Rxh7 Rgxh7 22. gxh7 Rf8 23. Rh6 Bh8 24. Re6+ Kd7 25. Rg6 f4 26. Kf1 Ke7 27.
Kg2 Be5 28. Re6+ 1-0

[Event "Avoine op 25th"]
[Site "Avoine"]
[Date "2010.07.17"]
[Round "1"]
[White "Hori, Shinya"]
[Black "Oei, Hway Ik"]
[Result "1-0"]
[WhiteElo "1957"]
[BlackElo "2148"]
[PlyCount "117"]
[EventDate "2010.07.??"]
[EventType "swiss"]
[EventRounds "9"]
[EventCountry "FRA"]
[Source "Mark Crowther"]
[SourceDate "2010.08.02"]
[WhiteTeamCountry "FRA"]
[BlackTeamCountry "FRA"]

1. d4 Nf6 2. Nf3 e6 3. e3 c5 4. Bd3 cxd4 5. exd4 b6 6. Qe2 Bb7 7. O-O Be7 8. c3
O-O 9. Nbd2 d6 10. Re1 Nbd7 11. Nf1 Re8 12. Ng3 a6 13. Bc2 b5 14. Qd3 Qc7 15.
Ng5 g6 16. h4 Qc4 17. Qd2 Bf8 18. h5 Bg7 19. hxg6 hxg6 20. f3 Bd5 21. N3e4 Qc7
22. Qf4 e5 23. dxe5 dxe5 24. Qh4 Nh5 25. g4 Nhf6 26. Be3 Nf8 27. Kg2 Nxe4 28.
Bxe4 Bxe4 29. Nxe4 Qc6 30. Rad1 Re6 31. Rh1 f5 32. Ng5 Rd6 33. Rxd6 Qxd6 34.
Nh7 fxg4 35. fxg4 Qd5+ 36. Kf2 Nd7 37. Ng5 Rf8+ 38. Ke2 Qg2+ 39. Ke1 Nf6 40.
Ne6 Qe4 41. Qh3 Re8 42. Nxg7 Kxg7 43. g5 Nh5 44. Qd7+ Kf8 45. Kf2 Re7 46. Bc5
Qf4+ 47. Ke1 Qe3+ 48. Bxe3 Rxd7 49. Kf2 Kf7 50. Kf3 Ke6 51. Rh2 Kf5 52. Rh4 Rd3
53. Rb4 Nf4 54. c4 e4+ 55. Kf2 Nh3+ 56. Ke2 bxc4 57. Rxc4 Rd6 58. Rc5+ Kg4 59.
b4 1-0

[Event "Avoine op 25th"]
[Site "Avoine"]
[Date "2010.07.17"]
[Round "1"]
[White "Fruteau, Sabine"]
[Black "Delboe, Charles"]
[Result "1-0"]
[WhiteElo "2142"]
[BlackElo "1955"]
[PlyCount "105"]
[EventDate "2010.07.??"]
[EventType "swiss"]
[EventRounds "9"]
[EventCountry "FRA"]
[Source "Mark Crowther"]
[SourceDate "2010.08.02"]
[WhiteTeamCountry "FRA"]
[BlackTeamCountry "FRA"]

1. e4 c5 2. Nf3 Nc6 3. Bb5 e6 4. Bxc6 bxc6 5. O-O d5 6. e5 Ne7 7. d3 Nf5 8. Nc3
Rb8 9. Ne2 Be7 10. c3 Ba6 11. Ne1 O-O 12. Nf4 Bg5 13. Qe2 c4 14. d4 Bxf4 15.
Bxf4 Qb6 16. Rb1 Nxd4 17. cxd4 c3 18. Qd1 Qb5 19. Nc2 Qxf1+ 20. Qxf1 Bxf1 21.
Kxf1 Rxb2 22. Rc1 Rfb8 23. a3 R8b3 24. Be3 Kf8 25. Ke2 a5 26. Kd3 Ra2 27. Re1
Ke8 28. Bc1 Kd7 29. g4 Kc7 30. f4 Kb6 31. f5 c5 32. dxc5+ Kxc5 33. Be3+ Kb5 34.
Nd4+ Ka4 35. Nxb3 Kxb3 36. Rb1+ Rb2 37. Rc1 Kxa3 38. Bc5+ Ka4 39. Kxc3 Rxh2 40.
fxe6 fxe6 41. Be3 Rh4 42. Ra1+ Kb5 43. Rb1+ Ka4 44. g5 Rc4+ 45. Kd3 Re4 46. Bd4
Rg4 47. Rb6 Rxg5 48. Rxe6 Rg3+ 49. Be3 Rg4 50. Rd6 Kb5 51. e6 Kb4 52. Rxd5 Rg6
53. Re5 1-0

[Event "Avoine op 25th"]
[Site "Avoine"]
[Date "2010.07.17"]
[Round "1"]
[White "Maloberti, David"]
[Black "Yche, Michel"]
[Result "1/2-1/2"]
[WhiteElo "2136"]
[BlackElo "1952"]
[PlyCount "98"]
[EventDate "2010.07.??"]
[EventType "swiss"]
[EventRounds "9"]
[EventCountry "FRA"]
[Source "Mark Crowther"]
[SourceDate "2010.08.02"]
[WhiteTeamCountry "FRA"]
[BlackTeamCountry "FRA"]

1. d4 Nf6 2. c4 e5 3. dxe5 Ng4 4. Bf4 Nc6 5. Nf3 Bb4+ 6. Nbd2 Qe7 7. a3 Ngxe5
8. Nxe5 Nxe5 9. e3 Bxd2+ 10. Qxd2 d6 11. Be2 O-O 12. O-O b6 13. b4 Bb7 14. Qc3
Qf6 15. Rac1 a5 16. c5 axb4 17. axb4 bxc5 18. bxc5 Qg6 19. f3 Ra2 20. Rf2 Bxf3
21. Bf1 Rxf2 22. Kxf2 Be4 23. Bxe5 dxe5 24. Qxe5 c6 25. Rd1 Bd5 26. Rd2 f5 27.
Rb2 Qf6 28. Qxf6 Rxf6 29. Bd3 g6 30. h4 Rf7 31. Kg3 Ra7 32. Kf4 Kg7 33. Ke5
Re7+ 34. Kd4 Ra7 35. h5 Kf6 36. hxg6 hxg6 37. Rf2 Ra4+ 38. Kc3 Ke5 39. Rb2 Ra3+
40. Kd2 Bxg2 41. Rb8 Bd5 42. Re8+ Kf6 43. e4 fxe4 44. Bxe4 Bxe4 45. Rxe4 Rg3
46. Rd4 Rg5 47. Rd6+ Ke7 48. Rxc6 Kd7 49. Rf6 Rxc5 1/2-1/2

[Event "Avoine op 25th"]
[Site "Avoine"]
[Date "2010.07.17"]
[Round "1"]
[White "Foussard, Gervais"]
[Black "Ralle, Pierre"]
[Result "1/2-1/2"]
[WhiteElo "1950"]
[BlackElo "2135"]
[PlyCount "49"]
[EventDate "2010.07.??"]
[EventType "swiss"]
[EventRounds "9"]
[EventCountry "FRA"]
[Source "Mark Crowther"]
[SourceDate "2010.08.02"]
[WhiteTeamCountry "FRA"]
[BlackTeamCountry "FRA"]

1. e4 e6 2. d4 d5 3. exd5 exd5 4. Bd3 Bd6 5. c3 Ne7 6. Ne2 c6 7. O-O Bg4 8. f3
Bh5 9. a3 Qc7 10. g3 Bg6 11. Bf4 Nd7 12. Bxd6 Qxd6 13. Nf4 O-O-O 14. Qc2 Bxd3
15. Qxd3 h5 16. Nd2 h4 17. Kg2 Rde8 18. Rae1 Qh6 19. Rh1 g5 20. Nh3 f5 21. f4
gxf4 22. Nxf4 Ng6 23. Nxg6 Qxg6 24. Rxe8+ Rxe8 25. Rf1 1/2-1/2

[Event "Avoine op 25th"]
[Site "Avoine"]
[Date "2010.07.17"]
[Round "1"]
[White "Carvallo, Henri"]
[Black "Demoulin, Paul"]
[Result "1-0"]
[WhiteElo "2133"]
[BlackElo "1948"]
[PlyCount "61"]
[EventDate "2010.07.??"]
[EventType "swiss"]
[EventRounds "9"]
[EventCountry "FRA"]
[Source "Mark Crowther"]
[SourceDate "2010.08.02"]
[WhiteTeamCountry "FRA"]
[BlackTeamCountry "FRA"]

1. d4 d5 2. Bf4 c6 3. e3 e6 4. Nd2 Nf6 5. Ngf3 Bd6 6. Ne5 Qe7 7. Bd3 Nbd7 8.
O-O Nf8 9. Bg3 Bxe5 10. Bxe5 Ng6 11. Bg3 Nd7 12. e4 O-O 13. c3 Re8 14. e5 f5
15. exf6 Qxf6 16. Nf3 Ndf8 17. Qd2 Bd7 18. Ne5 Nxe5 19. Bxe5 Qf7 20. Rae1 Ng6
21. f4 Ne7 22. Rf3 g6 23. h4 Rec8 24. h5 Nf5 25. Bxf5 Qxf5 26. hxg6 h5 27. Rg3
Qf8 28. f5 exf5 29. Qg5 Re8 30. Qxh5 Rxe5 31. Qh7# 1-0

[Event "Avoine op 25th"]
[Site "Avoine"]
[Date "2010.07.17"]
[Round "1"]
[White "Deslias, Gregoire"]
[Black "Hutois, Mickael"]
[Result "1-0"]
[WhiteElo "1942"]
[BlackElo "2133"]
[PlyCount "75"]
[EventDate "2010.07.??"]
[EventType "swiss"]
[EventRounds "9"]
[EventCountry "FRA"]
[Source "Mark Crowther"]
[SourceDate "2010.08.02"]
[WhiteTeamCountry "FRA"]
[BlackTeamCountry "FRA"]

1. d4 d5 2. c4 e6 3. Nc3 Nf6 4. cxd5 exd5 5. Bg5 Nbd7 6. e3 Be7 7. Bd3 O-O 8.
Qc2 Re8 9. Nf3 c6 10. O-O Nf8 11. Rab1 Ne4 12. Bxe7 Qxe7 13. b4 Ng6 14. b5 Bg4
15. Nd2 f5 16. bxc6 bxc6 17. Ne2 Rac8 18. Ng3 h5 19. f3 h4 20. Ngxe4 fxe4 21.
Ba6 Rc7 22. fxg4 Qa3 23. Nxe4 dxe4 24. Bc4+ Kh8 25. Rb3 Qe7 26. Bf7 Rf8 27.
Bxg6 Rxf1+ 28. Kxf1 Qf6+ 29. Bf5 g6 30. Qxe4 Re7 31. Qf4 gxf5 32. Qxf5 Qd6 33.
Qf8+ Kh7 34. Rb8 Qc7 35. Qh8+ Kg6 36. Rg8+ Kf7 37. Rg7+ Ke6 38. Rxe7+ 1-0

[Event "Avoine op 25th"]
[Site "Avoine"]
[Date "2010.07.17"]
[Round "1"]
[White "Kempinski, Andre"]
[Black "Mattheys, Eddy"]
[Result "0-1"]
[WhiteElo "2129"]
[BlackElo "1937"]
[PlyCount "80"]
[EventDate "2010.07.??"]
[EventType "swiss"]
[EventRounds "9"]
[EventCountry "FRA"]
[Source "Mark Crowther"]
[SourceDate "2010.08.02"]
[WhiteTeamCountry "FRA"]
[BlackTeamCountry "FRA"]

1. e4 e6 2. d4 d5 3. Nc3 Nf6 4. Bg5 Be7 5. e5 Nfd7 6. h4 a6 7. Qg4 f5 8. Qg3 c5
9. Nf3 Nc6 10. Be3 O-O 11. Ne2 cxd4 12. Bh6 Rf7 13. O-O-O Qc7 14. Nexd4 Nxd4
15. Rxd4 Qa5 16. a3 Nc5 17. Bd3 Ne4 18. Bxe4 fxe4 19. Nd2 Qb6 20. Nb3 Bd7 21.
f3 Bc6 22. Qg4 Re8 23. Be3 Qc7 24. f4 a5 25. a4 Bb4 26. Bd2 Bxa4 27. Bxb4 Bxb3
28. Bc3 Bc4 29. Kb1 b5 30. Bd2 Qc5 31. Be3 Qb4 32. Qd1 a4 33. Rh3 Ref8 34. Bc1
Qc5 35. b3 axb3 36. cxb3 Bd3+ 37. Rdxd3 exd3 38. Rxd3 Rc8 39. Be3 Qa3 40. g4
Rfc7 0-1

[Event "Avoine op 25th"]
[Site "Avoine"]
[Date "2010.07.17"]
[Round "1"]
[White "Ollier, M."]
[Black "Davy, Bruno"]
[Result "1-0"]
[WhiteElo "2116"]
[BlackElo "1935"]
[PlyCount "45"]
[EventDate "2010.07.??"]
[EventType "swiss"]
[EventRounds "9"]
[EventCountry "FRA"]
[Source "Mark Crowther"]
[SourceDate "2010.08.02"]
[WhiteTeamCountry "FRA"]
[BlackTeamCountry "FRA"]

1. e4 e5 2. Bc4 d6 3. Nc3 Nf6 4. d3 Be7 5. f4 Nc6 6. Nf3 Bg4 7. O-O Nd4 8. fxe5
dxe5 9. Bxf7+ Kxf7 10. Nxe5+ Ke8 11. Nxg4 Nxg4 12. Qxg4 Nxc2 13. Qxg7 Qd4+ 14.
Qxd4 Nxd4 15. Nd5 c6 16. Nc7+ Kd7 17. Nxa8 Rxa8 18. Bd2 Rg8 19. Rf7 h5 20. Bb4
Re8 21. Rxe7+ Rxe7 22. Bxe7 Kxe7 23. Rf1 1-0

[Event "Avoine op 25th"]
[Site "Avoine"]
[Date "2010.07.17"]
[Round "1"]
[White "Prevot, Rodolphe"]
[Black "Herdier, Goulwenn"]
[Result "0-1"]
[WhiteElo "1935"]
[BlackElo "2112"]
[PlyCount "92"]
[EventDate "2010.07.??"]
[EventType "swiss"]
[EventRounds "9"]
[EventCountry "FRA"]
[Source "Mark Crowther"]
[SourceDate "2010.08.02"]
[WhiteTeamCountry "FRA"]
[BlackTeamCountry "FRA"]

1. c4 Nf6 2. Nc3 d6 3. g3 e5 4. Bg2 Be7 5. e4 Nc6 6. Nge2 O-O 7. O-O Bg4 8. h3
Be6 9. Nd5 Qd7 10. Kh2 Ne8 11. d4 Bd8 12. Be3 f5 13. Nxc7 Qxc7 14. d5 Bd7 15.
dxc6 bxc6 16. exf5 Bxf5 17. Nc3 Rc8 18. Qa4 a5 19. Rad1 Be7 20. Rd2 Nf6 21. Qd1
Be6 22. Qe2 Rce8 23. Rfd1 h6 24. b3 Kh8 25. Ne4 Nxe4 26. Bxe4 Bf5 27. Qd3 Qc8
28. Bxf5 Rxf5 29. Kg2 Ref8 30. Qe4 Qa6 31. Rc2 a4 32. b4 a3 33. Rb1 Qa4 34. Rb3
Bd8 35. Qd3 R5f6 36. b5 cxb5 37. cxb5 Qa8+ 38. Rc6 Be7 39. Rxa3 Qe8 40. Qd5 Qh5
41. Ra7 Qe2 42. Rc1 Rxf2+ 43. Bxf2 Qxf2+ 44. Kh1 Qxa7 45. Qb3 Bg5 46. Rc2 Rf1+
0-1

[Event "Avoine op 25th"]
[Site "Avoine"]
[Date "2010.07.17"]
[Round "1"]
[White "Pallandre, Fabrice"]
[Black "Tache, Benjamin"]
[Result "1-0"]
[WhiteElo "2103"]
[BlackElo "1932"]
[PlyCount "87"]
[EventDate "2010.07.??"]
[EventType "swiss"]
[EventRounds "9"]
[EventCountry "FRA"]
[Source "Mark Crowther"]
[SourceDate "2010.08.02"]
[WhiteTeamCountry "FRA"]
[BlackTeamCountry "FRA"]

1. e4 c5 2. Nc3 Nc6 3. g3 g6 4. Bg2 Bg7 5. d3 d6 6. Be3 Nf6 7. h3 O-O 8. f4 e5
9. Nf3 Ne8 10. O-O f5 11. Rb1 Nc7 12. Qd2 Be6 13. Ng5 Qd7 14. Nxe6 Nxe6 15. Nd5
Rac8 16. exf5 gxf5 17. c3 Ne7 18. Rf2 Kh8 19. Rbf1 Rce8 20. Kh2 b6 21. Nxe7
Rxe7 22. fxe5 Bxe5 23. Rxf5 Rxf5 24. Rxf5 Rg7 25. Bf4 Nxf4 26. Rf8+ Rg8 27.
Rxg8+ Kxg8 28. gxf4 Bf6 29. Bd5+ Kf8 30. Qg2 Qg7 31. Qe4 Bh4 32. Qf5+ Qf6 33.
Qc8+ Ke7 34. Qc7+ Kf8 35. Qb8+ Kg7 36. Qxa7+ Kf8 37. Qb8+ Ke7 38. Qc7+ Ke8 39.
Qc8+ Ke7 40. Qg4 h5 41. Qe2+ Kd7 42. Qe4 Qg7 43. Qe6+ Kc7 44. Qf7+ 1-0

[Event "Avoine op 25th"]
[Site "Avoine"]
[Date "2010.07.17"]
[Round "1"]
[White "Dvorsak, Hans"]
[Black "Lukasiewicz, Anna"]
[Result "0-1"]
[WhiteElo "1931"]
[BlackElo "2097"]
[PlyCount "104"]
[EventDate "2010.07.??"]
[EventType "swiss"]
[EventRounds "9"]
[EventCountry "FRA"]
[Source "Mark Crowther"]
[SourceDate "2010.08.02"]
[WhiteTeamCountry "FRA"]
[BlackTeamCountry "FRA"]

1. e4 c5 2. Nf3 Nc6 3. d4 cxd4 4. Nxd4 g6 5. Nc3 Bg7 6. Be3 Nf6 7. Nxc6 dxc6 8.
Qxd8+ Kxd8 9. f3 Be6 10. Bd3 Nd7 11. Ne2 Nb6 12. Bd4 Bxd4 13. Nxd4 Bd7 14. Nb3
Na4 15. O-O-O Kc7 16. Rd2 e5 17. Bc4 f6 18. Rhd1 Rad8 19. Na5 Bc8 20. Rxd8 Rxd8
21. Rxd8 Kxd8 22. Bg8 h6 23. Bh7 g5 24. Nc4 h5 25. Ne3 h4 26. Bf5 Bxf5 27. Nxf5
Kd7 28. h3 Nc5 29. Kd2 Ne6 30. Ke3 a5 31. c3 Nf4 32. g3 hxg3 33. h4 gxh4 34.
Nxh4 g2 35. Kf2 Nd3+ 36. Kxg2 Nxb2 37. f4 Nd1 38. fxe5 fxe5 39. c4 Ne3+ 40. Kf3
Nxc4 41. Ke2 Kd6 42. Kd3 b5 43. Nf5+ Kc5 44. Ng7 Kb4 45. Ne6 a4 46. Nd8 c5 47.
Nc6+ Ka3 48. Na7 Nd6 49. Nc6 c4+ 50. Ke3 Kxa2 51. Nxe5 Kb2 52. Kd4 a3 0-1

[Event "Avoine op 25th"]
[Site "Avoine"]
[Date "2010.07.17"]
[Round "1"]
[White "Dube, Dimitri"]
[Black "Prodhomme, Adrien"]
[Result "1-0"]
[WhiteElo "2093"]
[BlackElo "1928"]
[PlyCount "56"]
[EventDate "2010.07.??"]
[EventType "swiss"]
[EventRounds "9"]
[EventCountry "FRA"]
[Source "Mark Crowther"]
[SourceDate "2010.08.02"]
[WhiteTeamCountry "FRA"]
[BlackTeamCountry "FRA"]

1. c3 d5 2. Nf3 Nf6 3. d3 Nbd7 4. Nbd2 g6 5. e4 dxe4 6. dxe4 e5 7. Bc4 Bg7 8.
O-O O-O 9. Qe2 b6 10. b4 Bb7 11. Bb2 Qe7 12. Rad1 a5 13. a3 Ne8 14. Rfe1 Nd6
15. Bd5 c6 16. Bb3 axb4 17. cxb4 c5 18. b5 Rfc8 19. Nc4 Nxc4 20. Qxc4 h6 21.
Rd2 Rc7 22. Red1 Ra7 23. Rd6 Ba8 24. Rxg6 Kh7 25. Nh4 Bxe4 26. Qxe4 fxg6 27.
Nxg6 Qf6 28. Nf8+ Kh8 1-0